[Event "2FoglarVeterans_GM_B"]
[Site "?"]
[Date "2006.??.??"]
[Round "?"]
[White "Prokopp, Heinz (GER)"]
[Black "Horvath, Alexander (SVK)"]
[Result "1/2-1/2"]
[WhiteElo "2428"]
[BlackElo "2413"]
[PlyCount "51"]
[EventDate "2006.??.??"]
[EventType "corr"]
[SourceDate "2006.05.16"]

1. e4 c5 2. Nf3 d6 3. d4 cxd4 4. Nxd4 Nf6 5. Nc3 a6 6. Bg5 e6 7. f4 Qc7 8. Qf3
b5 9. a3 Nbd7 10. g4 Be7 11. O-O-O Bb7 12. Bxf6 Bxf6 13. g5 Bxd4 14. Rxd4 O-O
15. Bh3 Bc6 16. f5 Ne5 17. Qg3 exf5 18. Bxf5 a5 19. Rhd1 b4 20. Rxd6 bxc3 21.
Qxe5 cxb2+ 22. Kxb2 Qb7+ 23. Ka2 Rab8 24. Qd4 g6 25. Bd7 Bxe4 26. Qc3 1/2-1/2

[Event "2FoglarVeterans_GM_B"]
[Site "?"]
[Date "2006.??.??"]
[Round "?"]
[White "Grabner, Helmut (AUT)"]
[Black "Janosi, Ervin (HUN)"]
[Result "1/2-1/2"]
[WhiteElo "2416"]
[BlackElo "2350"]
[PlyCount "52"]
[EventDate "2006.??.??"]
[EventType "corr"]
[SourceDate "2006.05.16"]

1. e4 c5 2. Nf3 Nc6 3. c3 d5 4. exd5 Qxd5 5. d4 Nf6 6. dxc5 Qxd1+ 7. Kxd1 e5 8.
b4 Bf5 9. Be3 Ng4 10. Nbd2 O-O-O 11. Kc1 Be7 12. Bb5 Kc7 13. h3 Nxe3 14. fxe3
Bd7 15. a4 f6 16. Kb2 h5 17. e4 a5 18. Kb3 g5 19. g3 g4 20. hxg4 Bxg4 21. Rh2
Rhg8 22. Rg1 Rg7 23. Rf1 Rh8 24. Rff2 Rb8 25. Rh1 Rh8 26. Rg1 Rd8 1/2-1/2

[Event "2FoglarVeterans_GM_B"]
[Site "?"]
[Date "2006.??.??"]
[Round "?"]
[White "Grabner, Helmut (AUT)"]
[Black "Prokopp, Heinz (GER)"]
[Result "1/2-1/2"]
[WhiteElo "2416"]
[BlackElo "2428"]
[PlyCount "71"]
[EventDate "2006.??.??"]
[EventType "corr"]
[SourceDate "2006.05.16"]

1. d4 e6 2. c4 Nf6 3. Nf3 d5 4. Nc3 Bb4 5. e3 O-O 6. Bd3 c5 7. O-O Nc6 8. a3
Bxc3 9. bxc3 dxc4 10. Bxc4 Qc7 11. Bb2 e5 12. h3 Bf5 13. Qe2 a6 14. a4 Rfe8 15.
Rfd1 Rac8 16. Ba2 e4 17. Nd2 Na5 18. c4 Bg6 19. d5 Qd6 20. Bc3 b6 21. Nf1 Bh5
22. g4 Bg6 23. Ng3 Nd7 24. Bb1 Qe7 25. d6 Qe6 26. Bxa5 bxa5 27. Qd2 h6 28. Qc3
f5 29. gxf5 Bxf5 30. f4 Bxh3 31. Bxe4 Nf6 32. Bb7 Rb8 33. Bd5 Nxd5 34. Rxd5
Qxe3+ 35. Qxe3 Rxe3 36. Nf5 1/2-1/2

[Event "2FoglarVeterans_GM_B"]
[Site "?"]
[Date "2006.??.??"]
[Round "?"]
[White "Kurylo, Ryszard (LTU)"]
[Black "Prokopp, Heinz (GER)"]
[Result "1/2-1/2"]
[WhiteElo "2424"]
[BlackElo "2428"]
[PlyCount "64"]
[EventDate "2006.??.??"]
[EventType "corr"]
[SourceDate "2006.05.16"]

1. e4 e6 2. d4 d5 3. Nc3 Bb4 4. e5 c5 5. a3 Bxc3+ 6. bxc3 Ne7 7. a4 Qc7 8. Nf3
h6 9. Bd3 b6 10. Ba3 Ba6 11. O-O O-O 12. Re1 Bxd3 13. cxd3 Nd7 14. Qe2 Rfc8 15.
c4 Ng6 16. cxd5 Nf4 17. Qe4 Nxd5 18. Rec1 Qd8 19. h3 cxd4 20. Qxd4 Nf8 21. Rc4
Ng6 22. Bd6 a6 23. Qb2 b5 24. Rd4 Qb6 25. Qd2 Qc6 26. Kh2 Qc3 27. Qxc3 Nxc3 28.
axb5 axb5 29. Rxa8 Rxa8 30. Rb4 Ra2 31. Bc5 Ra5 32. g3 Nd5 1/2-1/2

[Event "2FoglarVeterans_GM_B"]
[Site "?"]
[Date "2006.??.??"]
[Round "?"]
[White "Prokopp, Heinz (GER)"]
[Black "Janosi, Ervin (HUN)"]
[Result "1/2-1/2"]
[WhiteElo "2428"]
[BlackElo "2350"]
[PlyCount "65"]
[EventDate "2006.??.??"]
[EventType "corr"]
[SourceDate "2006.05.16"]

1. e4 c5 2. Nf3 Nc6 3. Nc3 d6 4. d4 cxd4 5. Nxd4 e5 6. Nb3 Nf6 7. Bg5 Be7 8.
Bxf6 Bxf6 9. Bc4 Be6 10. Nd5 Rc8 11. c3 O-O 12. O-O Bg5 13. Qd3 a6 14. a4 Ne7
15. a5 Ng6 16. Ra4 f5 17. exf5 Rxf5 18. Nb6 Rxc4 19. Nxc4 Nf4 20. Qd1 Qe8 21.
Nbd2 Qg6 22. Ne3 Rf7 23. Nf3 Bd7 24. Rb4 Bc6 25. Nxg5 Qxg5 26. Qg4 Qxg4 27.
Nxg4 Bxg2 28. Nxe5 dxe5 29. Rxf4 Rxf4 30. Kxg2 Kf7 31. Rd1 Ke6 32. Rd8 Rf7 33.
c4 1/2-1/2

[Event "2FoglarVeterans_GM_B"]
[Site "?"]
[Date "2006.??.??"]
[Round "?"]
[White "Kostal, Jindrich (CZE)"]
[Black "Janosi, Ervin (HUN)"]
[Result "1/2-1/2"]
[WhiteElo "2435"]
[BlackElo "2350"]
[PlyCount "52"]
[EventDate "2006.??.??"]
[EventType "corr"]
[SourceDate "2006.05.16"]

1. e4 c5 2. Nf3 Nc6 3. d4 cxd4 4. Nxd4 Nf6 5. Nc3 e5 6. Ndb5 d6 7. Bg5 a6 8.
Na3 b5 9. Bxf6 gxf6 10. Nd5 f5 11. c3 Bg7 12. exf5 Bxf5 13. Nc2 O-O 14. Nce3
Be6 15. Bd3 f5 16. O-O Kh8 17. Qh5 e4 18. Bc2 Ne7 19. Rad1 Rc8 20. f3 Bxd5 21.
Nxd5 Nxd5 22. Rxd5 Qb6+ 23. Kh1 Qe3 24. Rfd1 Be5 25. Bxe4 fxe4 26. Rxe5 dxe5
1/2-1/2

[Event "2FoglarVeterans_GM_B"]
[Site "?"]
[Date "2006.??.??"]
[Round "?"]
[White "Kurylo, Ryszard (LTU)"]
[Black "Janosi, Ervin (HUN)"]
[Result "1/2-1/2"]
[WhiteElo "2424"]
[BlackElo "2350"]
[PlyCount "73"]
[EventDate "2006.??.??"]
[EventType "corr"]
[SourceDate "2006.05.16"]

1. e4 c5 2. Nf3 Nc6 3. d4 cxd4 4. Nxd4 Nf6 5. Nc3 e5 6. Ndb5 d6 7. Bg5 a6 8.
Na3 b5 9. Nd5 Be7 10. Bxf6 Bxf6 11. c3 O-O 12. Nc2 Bg5 13. a4 bxa4 14. Rxa4 a5
15. Bc4 Rb8 16. b3 Kh8 17. Nce3 g6 18. O-O f5 19. Qf3 Be6 20. Rd1 Qd7 21. h3
Qg7 22. Ra3 Rb7 23. Nb6 fxe4 24. Qxe4 Rxb6 25. Bxe6 Qf6 26. Qf3 Qxf3 27. gxf3
Bxe3 28. fxe3 Rxf3 29. Rxd6 Rxe3 30. c4 a4 31. c5 Rb8 32. Kf2 Rexb3 33. Bxb3
axb3 34. Ra1 Nd4 35. Rb6 Rf8+ 36. Kg2 Kg7 37. Ra7+ 1/2-1/2

[Event "2FoglarVeterans_GM_B"]
[Site "?"]
[Date "2006.??.??"]
[Round "?"]
[White "Isigkeit, Hans-Jurgen (GER)"]
[Black "Prokopp, Heinz (GER)"]
[Result "1/2-1/2"]
[WhiteElo "2441"]
[BlackElo "2428"]
[PlyCount "42"]
[EventDate "2006.??.??"]
[EventType "corr"]
[SourceDate "2006.05.16"]

1. d4 e6 2. c4 Nf6 3. Nc3 Bb4 4. Qc2 O-O 5. a3 Bxc3+ 6. Qxc3 b6 7. Bg5 Bb7 8.
f3 h6 9. Bh4 d5 10. e3 Nbd7 11. cxd5 Nxd5 12. Bxd8 Nxc3 13. Bh4 Nd5 14. Bf2 c5
15. e4 Ne7 16. Bb5 Bc6 17. Bxc6 Nxc6 18. Ne2 cxd4 19. Nxd4 Nxd4 20. Bxd4 Rac8
21. O-O Nc5 1/2-1/2

[Event "2FoglarVeterans_GM_B"]
[Site "?"]
[Date "2006.??.??"]
[Round "?"]
[White "Prokopp, Heinz (GER)"]
[Black "Lounek, Jan (CZE)"]
[Result "1/2-1/2"]
[WhiteElo "2428"]
[BlackElo "2517"]
[PlyCount "63"]
[EventDate "2006.??.??"]
[EventType "corr"]
[SourceDate "2006.05.16"]

1. e4 c5 2. Nf3 d6 3. d4 cxd4 4. Nxd4 Nf6 5. Nc3 a6 6. Bg5 e6 7. f4 Qb6 8. Nb3
Nbd7 9. Qf3 Be7 10. O-O-O Qc7 11. g4 b5 12. Bxf6 Nxf6 13. g5 Nd7 14. a3 Rb8 15.
h4 b4 16. axb4 Rxb4 17. Na2 Rb6 18. Qc3 Qxc3 19. Nxc3 h6 20. Be2 Nf8 21. gxh6
Rxh6 22. h5 Bf6 23. Nb1 Nd7 24. N1d2 d5 25. Rhg1 Kf8 26. e5 Bd8 27. Nd4 f6 28.
N2f3 Nc5 29. exf6 gxf6 30. Nh4 Bc7 31. Ng6+ Ke8 32. Bf3 1/2-1/2

[Event "2FoglarVeterans_GM_B"]
[Site "?"]
[Date "2006.??.??"]
[Round "?"]
[White "Dedina, Miroslav (CZE)"]
[Black "Janosi, Ervin (HUN)"]
[Result "1-0"]
[WhiteElo "2414"]
[BlackElo "2350"]
[PlyCount "27"]
[EventDate "2006.??.??"]
[EventType "corr"]
[SourceDate "2006.05.16"]

1. c4 e6 2. Nc3 d5 3. cxd5 exd5 4. d4 Nf6 5. Bg5 c6 6. e3 Be7 7. Bd3 Nbd7 8.
Nf3 Ne4 9. Bxe7 Qxe7 10. Qc2 Ndf6 11. O-O Bf5 12. Ne5 O-O 13. f3 Nd6 14. Bxf5
1-0

[Event "2FoglarVeterans_GM_B"]
[Site "?"]
[Date "2006.??.??"]
[Round "?"]
[White "Grabner, Helmut (AUT)"]
[Black "Kostal, Jindrich (CZE)"]
[Result "1/2-1/2"]
[WhiteElo "2416"]
[BlackElo "2435"]
[PlyCount "46"]
[EventDate "2006.??.??"]
[EventType "corr"]
[SourceDate "2006.05.16"]

1. d4 Nf6 2. c4 g6 3. Nc3 d5 4. Nf3 Bg7 5. Bf4 O-O 6. Rc1 dxc4 7. e3 Be6 8. Ng5
Bd5 9. e4 h6 10. exd5 hxg5 11. Bxg5 Nxd5 12. Bxc4 Nb6 13. Bb3 Nc6 14. d5 Nd4
15. O-O Nxb3 16. Qxb3 Bxc3 17. Rxc3 Qxd5 18. Bxe7 Rfe8 19. Qb4 Qe6 20. Bg5 Nd5
21. Qh4 Qe4 22. Qh6 f6 23. Rc4 Qxc4 1/2-1/2

[Event "2FoglarVeterans_GM_B"]
[Site "?"]
[Date "2006.??.??"]
[Round "?"]
[White "Isigkeit, Hans-Jurgen (GER)"]
[Black "Janosi, Ervin (HUN)"]
[Result "1/2-1/2"]
[WhiteElo "2441"]
[BlackElo "2350"]
[PlyCount "59"]
[EventDate "2006.??.??"]
[EventType "corr"]
[SourceDate "2006.05.16"]

1. d4 Nf6 2. c4 e6 3. Nc3 Bb4 4. Qc2 O-O 5. a3 Bxc3+ 6. Qxc3 b6 7. Bg5 Bb7 8.
f3 h6 9. Bh4 d5 10. e3 Nbd7 11. Nh3 Re8 12. Bd3 c5 13. cxd5 cxd4 14. Qxd4 e5
15. Qb4 Nc5 16. Bc2 Qxd5 17. Bxf6 Nd3+ 18. Bxd3 Qxd3 19. Qd2 Qxd2+ 20. Kxd2
gxf6 21. Rhd1 Rac8 22. Nf2 f5 23. Rac1 Kg7 24. Ke1 Kf6 25. Rxc8 Bxc8 26. Rd2
Ke6 27. Nd1 Bb7 28. Nc3 Bc6 29. Kf2 Rf8 30. h3 1/2-1/2

[Event "2FoglarVeterans_GM_B"]
[Site "?"]
[Date "2006.??.??"]
[Round "?"]
[White "Horvath, Alexander (SVK)"]
[Black "Roos, Jacqueline (FRA)"]
[Result "1/2-1/2"]
[WhiteElo "2413"]
[BlackElo "2406"]
[PlyCount "45"]
[EventDate "2006.??.??"]
[EventType "corr"]
[SourceDate "2006.05.16"]

1. e4 e5 2. Nf3 Nf6 3. Nxe5 d6 4. Nf3 Nxe4 5. d4 d5 6. Bd3 Nc6 7. O-O Be7 8. c4
Nb4 9. Be2 O-O 10. Nc3 Bf5 11. a3 Nxc3 12. bxc3 Nc6 13. Re1 Re8 14. Bf4 dxc4
15. Bxc4 Bd6 16. Rxe8+ Qxe8 17. Ng5 Bg6 18. Bxd6 cxd6 19. h4 Qe7 20. Qg4 h6 21.
Nh3 Qe4 22. Nf4 Ne5 23. dxe5 1/2-1/2

[Event "2FoglarVeterans_GM_B"]
[Site "?"]
[Date "2006.??.??"]
[Round "?"]
[White "Janosi, Ervin (HUN)"]
[Black "Horvath, Alexander (SVK)"]
[Result "1/2-1/2"]
[WhiteElo "2350"]
[BlackElo "2413"]
[PlyCount "91"]
[EventDate "2006.??.??"]
[EventType "corr"]
[SourceDate "2006.05.16"]

1. d4 Nf6 2. c4 e6 3. Nc3 Bb4 4. e3 b6 5. Bd3 Bb7 6. Nf3 O-O 7. O-O c5 8. Na4
cxd4 9. exd4 Re8 10. a3 Bf8 11. Bg5 d6 12. Re1 Nbd7 13. Nc3 Rc8 14. Rc1 h6 15.
Bh4 g5 16. Bg3 Nh5 17. b4 Nxg3 18. hxg3 Nf6 19. Nd2 Bg7 20. a4 Qd7 21. Nb3 e5
22. Qd2 e4 23. Be2 Ng4 24. Bxg4 Qxg4 25. Nb5 Qd7 26. c5 Bd5 27. Qe3 Bf8 28.
cxb6 axb6 29. Rxc8 Rxc8 30. Nd2 Kg7 31. Nc3 Qc6 32. Nxd5 Qxd5 33. b5 f5 34. g4
f4 35. Qxe4 Qxe4 36. Rxe4 Rc1+ 37. Kh2 Rc2 38. Nf3 Rxf2 39. Re8 Ra2 40. Rb8
Rxa4 41. Rxb6 Rb4 42. d5 Kf6 43. Rb8 Bg7 44. b6 Ke7 45. Rb7+ Kf6 46. Kh3
1/2-1/2

[Event "2FoglarVeterans_GM_B"]
[Site "?"]
[Date "2006.??.??"]
[Round "?"]
[White "Dedina, Miroslav (CZE)"]
[Black "Prokopp, Heinz (GER)"]
[Result "1-0"]
[WhiteElo "2414"]
[BlackElo "2428"]
[PlyCount "101"]
[EventDate "2006.??.??"]
[EventType "corr"]
[SourceDate "2006.05.16"]

1. c4 e6 2. Nc3 Nf6 3. e4 d5 4. e5 d4 5. exf6 dxc3 6. bxc3 Qxf6 7. d4 e5 8. Nf3
exd4 9. Bg5 Qe6+ 10. Be2 f6 11. Nxd4 Qf7 12. Bh6 Be7 13. Bh5 g6 14. Be2 Bf8 15.
Qd2 Bxh6 16. Qxh6 Qf8 17. Qf4 Qf7 18. Nb5 Na6 19. O-O O-O 20. Bf3 c6 21. Nd6
Qc7 22. Qd4 b6 23. Rfe1 Bb7 24. Nxb7 Qxb7 25. Re6 Rac8 26. Rxf6 Rxf6 27. Qxf6
Qf7 28. Qh4 Qe6 29. Rd1 Nc5 30. Rd8+ Rxd8 31. Qxd8+ Kg7 32. Qc7+ Kf6 33. g3
Qxc4 34. Qxa7 Qxc3 35. Qb8 Ne6 36. Qh8+ Ng7 37. Qf8+ Ke6 38. Qc8+ Kd6 39. Qd8+
Ke6 40. Bd1 Kf5 41. Kg2 Ne6 42. g4+ Ke4 43. Qe8 Qf6 44. Qxc6+ Ke5 45. Qb5+ Ke4
46. f3+ Kf4 47. Qxb6 Qe5 48. h4 Qe1 49. Qd6+ Qe5 50. Qxe5+ Kxe5 51. Kg3 1-0

[Event "2FoglarVeterans_GM_B"]
[Site "?"]
[Date "2006.??.??"]
[Round "?"]
[White "Grabner, Helmut (AUT)"]
[Black "Kurylo, Ryszard (LTU)"]
[Result "1/2-1/2"]
[WhiteElo "2416"]
[BlackElo "2424"]
[PlyCount "65"]
[EventDate "2006.??.??"]
[EventType "corr"]
[SourceDate "2006.05.16"]

1. e4 c6 2. c4 d5 3. cxd5 cxd5 4. exd5 Nf6 5. Nc3 Nxd5 6. Nf3 Nc6 7. Bc4 Nb6 8.
Bb3 Qd3 9. Bc2 Qd6 10. d4 Bg4 11. Be3 Rd8 12. O-O e6 13. Be4 f5 14. Bxc6+ Qxc6
15. Ne5 Bxd1 16. Nxc6 bxc6 17. Rfxd1 Bd6 18. Rac1 Kd7 19. Rc2 Rhe8 20. Rdc1 Rc8
21. a3 h6 22. h4 Nd5 23. b4 Nxc3 24. Rxc3 g5 25. Bd2 f4 26. hxg5 hxg5 27. g3
Rf8 28. gxf4 Bxf4 29. Be3 Bd6 30. Kf1 g4 31. Ke2 Rh8 32. Rc4 a6 33. Kd3 1/2-1/2

[Event "2FoglarVeterans_GM_B"]
[Site "?"]
[Date "2006.??.??"]
[Round "?"]
[White "Horvath, Alexander (SVK)"]
[Black "Grabner, Helmut (AUT)"]
[Result "1-0"]
[WhiteElo "2413"]
[BlackElo "2416"]
[PlyCount "83"]
[EventDate "2006.??.??"]
[EventType "corr"]
[SourceDate "2006.05.16"]

1. e4 c5 2. Nf3 d6 3. d4 cxd4 4. Nxd4 Nf6 5. Nc3 a6 6. Bg5 e6 7. f4 Qb6 8. Nb3
Be7 9. Qf3 Nbd7 10. Bd3 Qc7 11. O-O-O b5 12. Rhe1 b4 13. Ne2 Bb7 14. Ned4 Nc5
15. Kb1 Rc8 16. Bxf6 Bxf6 17. Bb5+ Ke7 18. Bd3 Nxd3 19. cxd3 Rhd8 20. Qf2 Ke8
21. Nf3 Kf8 22. Rc1 Qb8 23. g4 Rxc1+ 24. Rxc1 Be7 25. Na5 Ba8 26. Nc6 Bxc6 27.
Rxc6 Qb5 28. Qc2 a5 29. Qc4 Qxc4 30. dxc4 Ra8 31. Kc2 Ke8 32. Rb6 Bd8 33. Rb7
Rc8 34. Kd3 g6 35. Nd4 Rc7 36. Rb8 e5 37. Nb5 Rc6 38. f5 Kd7 39. Rb7+ Ke8 40.
h3 g5 41. Ra7 h6 42. c5 1-0

[Event "2FoglarVeterans_GM_B"]
[Site "?"]
[Date "2006.??.??"]
[Round "?"]
[White "Janosi, Ervin (HUN)"]
[Black "Krol, Wladyslaw (POL)"]
[Result "0-1"]
[WhiteElo "2350"]
[BlackElo "2410"]
[PlyCount "48"]
[EventDate "2006.??.??"]
[EventType "corr"]
[SourceDate "2006.05.16"]

1. e4 e5 2. Nf3 Nc6 3. Bb5 a6 4. Ba4 Nf6 5. O-O Bc5 6. c3 Ng4 7. d4 Ba7 8. h3
h5 9. hxg4 hxg4 10. Ng5 d6 11. dxe5 g3 12. exd6 gxf2+ 13. Rxf2 cxd6 14. Qd5 O-O
15. Qd2 Ne5 16. Kf1 Ng4 17. Re2 Qb6 18. Re1 d5 19. Nf3 dxe4 20. Nd4 e3 21. Rxe3
Qf6+ 22. Kg1 Nxe3 23. Qxe3 Rd8 24. Bc2 Bf5 0-1

[Event "2FoglarVeterans_GM_B"]
[Site "?"]
[Date "2006.??.??"]
[Round "?"]
[White "Isigkeit, Hans-Jurgen (GER)"]
[Black "Grabner, Helmut (AUT)"]
[Result "1-0"]
[WhiteElo "2441"]
[BlackElo "2416"]
[PlyCount "61"]
[EventDate "2006.??.??"]
[EventType "corr"]
[SourceDate "2006.05.16"]

1. Nf3 Nf6 2. c4 e6 3. d4 d5 4. Nc3 Bb4 5. e3 O-O 6. Bd3 c5 7. O-O Nc6 8. a3
Bxc3 9. bxc3 Qc7 10. Bb2 Na5 11. cxd5 exd5 12. Ne5 c4 13. Bc2 Ne4 14. f3 Nd6
15. Qb1 g6 16. a4 f6 17. Ng4 Bxg4 18. fxg4 Rae8 19. Ba3 Kg7 20. Qb4 Rd8 21. Qb2
Rfe8 22. Rf3 Re6 23. Raf1 Rde8 24. Bb1 Qd8 25. Qf2 Ne4 26. Bxe4 dxe4 27. Rf4
Ra6 28. d5 g5 29. Rf5 h6 30. Bb4 Rf8 31. h4 1-0

[Event "2FoglarVeterans_GM_B"]
[Site "?"]
[Date "2006.??.??"]
[Round "?"]
[White "Prokopp, Heinz (GER)"]
[Black "Berggreen, Anders (DEN)"]
[Result "1/2-1/2"]
[WhiteElo "2428"]
[BlackElo "2414"]
[PlyCount "53"]
[EventDate "2006.??.??"]
[EventType "corr"]
[SourceDate "2006.05.16"]

1. e4 c5 2. Nf3 Nc6 3. Nc3 e6 4. d4 cxd4 5. Nxd4 d6 6. Be3 Nf6 7. f4 Be7 8. Qf3
Qc7 9. O-O-O a6 10. g4 Nxd4 11. Rxd4 b5 12. g5 Nd7 13. Kb1 Bb7 14. f5 Ne5 15.
Qh3 exf5 16. Qxf5 O-O 17. Nd5 Bxd5 18. exd5 g6 19. Qh3 f6 20. gxf6 Bxf6 21. Rf4
Bg7 22. Be2 Qd7 23. Qxd7 Nxd7 24. Bg4 Ne5 25. Be6+ Kh8 26. Rff1 b4 27. Bc1
1/2-1/2

[Event "2FoglarVeterans_GM_B"]
[Site "?"]
[Date "2006.??.??"]
[Round "?"]
[White "Kurylo, Ryszard (LTU)"]
[Black "Krol, Wladyslaw (POL)"]
[Result "1/2-1/2"]
[WhiteElo "2424"]
[BlackElo "2410"]
[PlyCount "42"]
[EventDate "2006.??.??"]
[EventType "corr"]
[SourceDate "2006.05.16"]

1. d4 f5 2. e4 fxe4 3. Nc3 Nf6 4. f3 e6 5. fxe4 Bb4 6. e5 Nd5 7. Bd3 Qh4+ 8. g3
Nxc3 9. Qd2 Ne2 10. gxh4 Bxd2+ 11. Kxe2 Bxc1 12. Rxc1 b6 13. Nh3 Ba6 14. Rcf1
Bxd3+ 15. Kxd3 Nc6 16. Rhg1 Rf8 17. h5 Ne7 18. Rxf8+ Kxf8 19. h6 gxh6 20. Nf4
b5 21. Rf1 Nf5 1/2-1/2

[Event "2FoglarVeterans_GM_B"]
[Site "?"]
[Date "2006.??.??"]
[Round "?"]
[White "Green, Wesley C. (USA)"]
[Black "Horvath, Alexander (SVK)"]
[Result "1/2-1/2"]
[WhiteElo "2438"]
[BlackElo "2413"]
[PlyCount "54"]
[EventDate "2006.??.??"]
[EventType "corr"]
[SourceDate "2006.05.16"]

1. e4 c5 2. Nf3 d6 3. d4 cxd4 4. Nxd4 Nf6 5. Nc3 a6 6. Be3 e5 7. Nb3 Be7 8. f3
Be6 9. Qd2 O-O 10. O-O-O Nbd7 11. g4 b5 12. g5 b4 13. Ne2 Ne8 14. f4 a5 15. f5
a4 16. fxe6 axb3 17. exf7+ Rxf7 18. Kb1 bxc2+ 19. Kxc2 Nb6 20. Nc1 d5 21. Bxb6
Qxb6 22. Qxd5 Rd8 23. Qb5 Qc7+ 24. Qc4 Rxd1 25. Kxd1 Bxg5 26. Qxc7 Rxc7 27. Nd3
Nf6 1/2-1/2

[Event "2FoglarVeterans_GM_B"]
[Site "?"]
[Date "2006.??.??"]
[Round "?"]
[White "Kostal, Jindrich (CZE)"]
[Black "Dedina, Miroslav (CZE)"]
[Result "1/2-1/2"]
[WhiteElo "2435"]
[BlackElo "2414"]
[PlyCount "56"]
[EventDate "2006.??.??"]
[EventType "corr"]
[SourceDate "2006.05.16"]

1. e4 e5 2. Nf3 Nc6 3. Bb5 a6 4. Ba4 Nf6 5. O-O Be7 6. Re1 b5 7. Bb3 d6 8. c3
O-O 9. h3 Bb7 10. d4 Re8 11. a4 Qd7 12. axb5 axb5 13. Rxa8 Bxa8 14. Qe2 exd4
15. cxd4 Na5 16. Bc2 Bd8 17. Nbd2 c5 18. dxc5 dxc5 19. b3 c4 20. bxc4 Nxc4 21.
Nxc4 bxc4 22. Qxc4 Ba5 23. Rd1 Qc7 24. Qxc7 Bxc7 25. Nd2 Nxe4 26. Nxe4 Bxe4 27.
Re1 Bc6 28. Rxe8+ Bxe8 1/2-1/2

[Event "2FoglarVeterans_GM_B"]
[Site "?"]
[Date "2006.??.??"]
[Round "?"]
[White "Janosi, Ervin (HUN)"]
[Black "Green, Wesley C. (USA)"]
[Result "1/2-1/2"]
[WhiteElo "2350"]
[BlackElo "2438"]
[PlyCount "69"]
[EventDate "2006.??.??"]
[EventType "corr"]
[SourceDate "2006.05.16"]

1. d4 d5 2. c4 e6 3. Nc3 c6 4. e3 Nf6 5. Nf3 Nbd7 6. Qc2 Bd6 7. g4 dxc4 8. Bxc4
b5 9. Be2 h6 10. Rg1 Bb7 11. h4 b4 12. g5 hxg5 13. hxg5 bxc3 14. gxf6 gxf6 15.
bxc3 c5 16. c4 Rc8 17. d5 exd5 18. Bb2 Qe7 19. O-O-O d4 20. exd4 Be4 21. Bd3
Bxf3 22. Rde1 Bf4+ 23. Kb1 Ne5 24. dxe5 fxe5 25. Be4 Bh5 26. Rh1 Rh6 27. Rhg1
Rd8 28. Rg8+ Kd7 29. Qa4+ Kc8 30. Rxd8+ Kxd8 31. Rg1 Qd7 32. Qa5+ Rb6 33. Qxc5
Bg6 34. Bxg6 Rxg6 35. Rh1 1/2-1/2

[Event "2FoglarVeterans_GM_B"]
[Site "?"]
[Date "2006.??.??"]
[Round "?"]
[White "Berggreen, Anders (DEN)"]
[Black "Horvath, Alexander (SVK)"]
[Result "1/2-1/2"]
[WhiteElo "2414"]
[BlackElo "2413"]
[PlyCount "56"]
[EventDate "2006.??.??"]
[EventType "corr"]
[SourceDate "2006.05.16"]

1. e4 c5 2. Nf3 d6 3. d4 cxd4 4. Nxd4 Nf6 5. Nc3 a6 6. Be3 e5 7. Nb3 Be7 8. f3
Be6 9. Qd2 O-O 10. O-O-O Nbd7 11. g4 b5 12. g5 b4 13. Ne2 Ne8 14. f4 a5 15. f5
a4 16. fxe6 axb3 17. exf7+ Rxf7 18. Kb1 bxc2+ 19. Kxc2 Nb6 20. Nc1 d5 21. exd5
Nd6 22. Kb1 Nbc4 23. Bxc4 Nxc4 24. Qe2 Nxe3 25. g6 Nxd1 26. gxf7+ Kxf7 27. Rxd1
Bd6 28. Nb3 Qd7 1/2-1/2

[Event "2FoglarVeterans_GM_B"]
[Site "?"]
[Date "2006.??.??"]
[Round "?"]
[White "Kostal, Jindrich (CZE)"]
[Black "Green, Wesley C. (USA)"]
[Result "1/2-1/2"]
[WhiteElo "2435"]
[BlackElo "2438"]
[PlyCount "62"]
[EventDate "2006.??.??"]
[EventType "corr"]
[SourceDate "2006.05.16"]

1. e4 e5 2. Nf3 Nc6 3. Bb5 a6 4. Ba4 Nf6 5. O-O Be7 6. Re1 b5 7. Bb3 d6 8. c3
O-O 9. h3 Bb7 10. d4 Re8 11. a4 h6 12. Nbd2 Bf8 13. d5 Nb8 14. Qe2 Nbd7 15.
axb5 axb5 16. Rxa8 Qxa8 17. Qxb5 Nc5 18. Bc2 Ba6 19. Qa5 Bd3 20. Qxa8 Rxa8 21.
Bxd3 Nxd3 22. Rd1 Ra2 23. Ne1 Nxb2 24. Bxb2 Rxb2 25. f3 Nh5 26. Nd3 Rc2 27. Nb1
Ng3 28. Rd2 Rxd2 29. Nxd2 Ne2+ 30. Kf2 Nxc3 31. Nb4 g6 1/2-1/2

[Event "2FoglarVeterans_GM_B"]
[Site "?"]
[Date "2006.??.??"]
[Round "?"]
[White "Ludwig, Christoph (GER)"]
[Black "Prokopp, Heinz (GER)"]
[Result "1/2-1/2"]
[WhiteElo "2527"]
[BlackElo "2428"]
[PlyCount "50"]
[EventDate "2006.??.??"]
[EventType "corr"]
[SourceDate "2006.05.16"]

1. e4 e6 2. d4 d5 3. Nd2 Nf6 4. e5 Nfd7 5. Bd3 c5 6. c3 Nc6 7. Ne2 cxd4 8. cxd4
f6 9. exf6 Nxf6 10. O-O Bd6 11. Nf3 Qc7 12. h3 O-O 13. Be3 Bd7 14. Rc1 Rae8 15.
a3 Qb8 16. Nc3 a6 17. Re1 e5 18. dxe5 Nxe5 19. Be2 Kh8 20. Nxd5 Nxd5 21. Qxd5
Bc6 22. Qd1 Nxf3+ 23. Bxf3 Rd8 24. Qe2 Bxf3 25. gxf3 Rf5 1/2-1/2

[Event "2FoglarVeterans_GM_B"]
[Site "?"]
[Date "2006.??.??"]
[Round "?"]
[White "Janosi, Ervin (HUN)"]
[Black "Berggreen, Anders (DEN)"]
[Result "0-1"]
[WhiteElo "2350"]
[BlackElo "2414"]
[PlyCount "64"]
[EventDate "2006.??.??"]
[EventType "corr"]
[SourceDate "2006.05.16"]

1. e4 c5 2. Nf3 Nc6 3. d4 cxd4 4. Nxd4 Nf6 5. c3 Nxe4 6. Bd3 Nf6 7. O-O Nxd4 8.
cxd4 g6 9. Nc3 Bg7 10. Re1 O-O 11. Bf4 d6 12. h3 a6 13. Qb3 b5 14. a4 bxa4 15.
Rxa4 a5 16. Bc4 e6 17. d5 e5 18. Be3 Nd7 19. Qa3 Nb6 20. Bxb6 Qxb6 21. Ra1 e4
22. Qb3 Qxb3 23. Bxb3 Rb8 24. R1a3 f5 25. Rxa5 Bd4 26. Rb5 Bd7 27. Rxb8 Rxb8
28. Ba4 Bxa4 29. Rxa4 Be5 30. Ra2 Kg7 31. Kf1 Kf6 32. Ke2 Bd4 0-1

[Event "2FoglarVeterans_GM_B"]
[Site "?"]
[Date "2006.??.??"]
[Round "?"]
[White "Isigkeit, Hans-Jurgen (GER)"]
[Black "Kostal, Jindrich (CZE)"]
[Result "1/2-1/2"]
[WhiteElo "2441"]
[BlackElo "2435"]
[PlyCount "62"]
[EventDate "2006.??.??"]
[EventType "corr"]
[SourceDate "2006.05.16"]

1. d4 Nf6 2. c4 g6 3. Nc3 d5 4. cxd5 Nxd5 5. e4 Nxc3 6. bxc3 Bg7 7. Bc4 c5 8.
Ne2 O-O 9. O-O Nc6 10. Be3 Qc7 11. Rc1 Rd8 12. Bf4 e5 13. Bg5 Rd7 14. d5 Na5
15. Bb5 Rd6 16. c4 f5 17. f3 f4 18. Bh4 a6 19. Ba4 b6 20. Qc2 g5 21. Bxg5 Rg6
22. Bh4 Bh3 23. Rf2 Rh6 24. Bg5 Rg6 25. gxh3 Rxg5+ 26. Rg2 Rxg2+ 27. Kxg2 Kh8
28. Rg1 Rd8 29. Kh1 Rd6 30. Rg4 Rh6 31. Kg2 Qf7 1/2-1/2

[Event "2FoglarVeterans_GM_B"]
[Site "?"]
[Date "2006.??.??"]
[Round "?"]
[White "Prokopp, Heinz (GER)"]
[Black "Krol, Wladyslaw (POL)"]
[Result "1/2-1/2"]
[WhiteElo "2428"]
[BlackElo "2410"]
[PlyCount "85"]
[EventDate "2006.??.??"]
[EventType "corr"]
[SourceDate "2006.05.16"]

1. e4 e5 2. Nf3 Nc6 3. Bb5 a6 4. Ba4 Nf6 5. O-O Bc5 6. c3 Ng4 7. d4 Ba7 8. h3
h5 9. Bg5 f6 10. Bc1 Nh6 11. Bb3 Nf7 12. Bxf7+ Kxf7 13. dxe5 d6 14. exf6 gxf6
15. Nd4 Qg8 16. Nf5 Bxf5 17. exf5 Ke7 18. Be3 Bxe3 19. Re1 Kd7 20. Rxe3 Qg5 21.
Nd2 Qxf5 22. Qb3 Rae8 23. Qf7+ Kd8 24. Rf3 Re7 25. Qb3 Qb5 26. Qxb5 axb5 27.
Rxf6 Rhe8 28. Rf5 Re2 29. Rd1 Ne5 30. Rxh5 Kc8 31. Nb3 Rxb2 32. Nd4 Rxa2 33.
Nxb5 Re7 34. Rf5 Kd7 35. g4 b6 36. Rf6 Ra5 37. Nd4 Ra3 38. f4 Nc4 39. g5 Ra2
40. Rh6 c5 41. Nf3 Re3 42. Ne5+ Nxe5 43. fxe5 1/2-1/2